| 000 | 00444nam a2200169Ia 4500 | ||
|---|---|---|---|
| 003 | GCL | ||
| 008 | 140319s9999 xx 000 0 eng d | ||
| 040 |
_aGCL / _cGCL |
||
| 082 | 0 | 4 |
_aREF _b912 _bH H |
| 100 | 1 | _aO LSON,ROBERTA J.N | |
| 245 | 1 | 0 |
_aHAMMOND NOVA WORLD ATLAS / _cO LSON,ROBERTA J.N |
| 260 |
_a[S.N] : _bMACMILLAN PUBLISHING COMPANY ، _c1990 |
||
| 300 | _a179 P | ||
| 650 | 0 | 4 | _aATLASES |
| 650 | 0 | 4 | _aWORLD ATLAS |
| 942 |
_2ddc _cBK |
||
| 999 |
_c17292 _d17292 |
||